000 00739nam a2200289Ia 4500
005 20260324144537.0
008 008 260324s9999 xx 000 0 eng d
020 _a9780203761595
037 _aEBOOK
040 _aCRL
040 _beng
040 _cCRL
041 _2eng
041 _aeng
084 _qCRL
100 _aJohn J. Grefenstette
_91219712
245 0 _aGenetic Algorithms and their Applications
245 0 _bProceedings of the Second International Conference on Genetic Algorithms
260 _bTaylor and Francis
260 _c1987
365 _a
365 _b195
856 _uhttp://www.taylorfrancis.com/books/9780203761595
942 _cEBOOK
999 _c1826453
_d1826453